Forenzní metody a wildlife kriminalita /

Hlavní autor: Říhová, Pavla
Korporativní autor: Centrum environmentálních forenzních věd
Další autoři: Novák, Zdeněk, Formanová, Dominika, Univerzita Karlova. Přírodovědecká fakulta
Jazyk: Čeština
Vydáno: Praha : Centrum environmentálních forenzních věd, 2024
Vydání: 1. vydání
Témata:
Fyzický popis: 175 stran : ilustrace (převážně barevné) ; 30 cm
Knihy
Uloženo v:
LEADER 02115nam a2200517 i 4500
001 nkc20243653448
003 CZ PrNK
005 20250306131147.0
007 ta
008 241204s2024 xr a f 000 0 cze
015 |a cnb003653448 
020 |a 978-80-7444-111-0  |q (brožováno) 
035 |a (OCoLC)1514347807 
040 |a OLA001  |b cze  |e rda 
072 7 |a 343.9  |x Kriminalistika  |2 Konspekt  |9 16 
080 |a 343.3/.7:502/504  |2 MRF 
080 |a 343.983  |2 MRF 
080 |a (048.8:082)  |2 MRF 
100 1 |a Říhová, Pavla  |7 ola20251249751  |4 aut 
245 1 0 |a Forenzní metody a wildlife kriminalita /  |c Pavla Říhová, Zdeněk Novák, Dominika Formanová 
250 |a 1. vydání 
264 1 |a Praha :  |b Centrum environmentálních forenzních věd,  |c 2024 
300 |a 175 stran :  |b ilustrace (převážně barevné) ;  |c 30 cm 
336 |a text  |b txt  |2 rdacontent 
337 |a bez média  |b n  |2 rdamedia 
338 |a svazek  |b nc  |2 rdacarrier 
500 |a Na obálce pod názvem: Centrum environmentálních forenzních věd, Ústav pro životní prostředí, Přírodovědecká fakulta Univerzity Karlovy 
504 |a Obsahuje bibliografii 
550 |a Vydavatel: Přírodovědecká fakulta Univerzity Karlovy 
650 0 7 |a environmentální kriminalita  |7 ph311320  |2 czenas 
650 0 7 |a forenzní vědy  |7 ph205101  |2 czenas 
650 0 9 |a offenses against the environment  |2 eczenas 
650 0 9 |a forensic sciences  |2 eczenas 
653 0 |a wildlife kriminalita 
655 7 |a kolektivní monografie  |7 fd501537  |2 czenas 
655 9 |a collective monographs  |2 eczenas 
700 1 |a Novák, Zdeněk  |7 ola20251249831  |4 aut 
700 1 |a Formanová, Dominika  |7 ola20251249835  |4 aut 
710 2 |a Centrum environmentálních forenzních věd  |7 olak20251249950  |4 isb 
710 2 |a Univerzita Karlova.  |b Přírodovědecká fakulta  |7 kn20010709364  |4 isb 
910 2 |a BOA001  |b 4-1537.557 
928 9 |a Přírodovědecká fakulta Univerzity Karlovy 
990 |a BK 
995 |a 01 
991 |b 202501  |c NOV 
996 6 |b 2610992183  |c 4-1537.557  |l MZK  |r Sklad / do 1 hodiny  |n 0  |p p.v.  |w 001990994  |u 000010  |a 1  |e BOA001  |j MZK50  |s P